000 01136cam a22003497a 4500
003 CHAP
005 20220329141908.0
008 980424d1995 mx a r 00110 spa d
010 _a75400
011 _a76372
020 _a9681643658
035 _a85955
040 _cCHAP
082 0 4 _a080
_bC5 v.122
100 0 0 _aPeña, Antonio.
_986854
245 1 0 _aCómo funciona una célula :
_bfisiología celular
_c/por Antonio Peña
260 _aMéxico, D.F. :
_bFondo de Cultura Económica,
_c1995.
300 _a121 p. :
_bilus.
410 2 _aFondo de Cultura Económica
490 3 _aLa ciencia desde México
_v; 122
590 _aBATCH-UPD
_b10
_c20130110
_lUCH01
_h1848
590 _aBATCH-UPD
_b10
_c20130410
_lUCH01
_h1217
590 _aBATCH-UPD
_b10
_c20130914
_lUCH01
_h0943
590 _aCONVERSION
_b10
_c20130109
_lUCH01
_h1341
650 1 4 _aCitología.
_923489
810 0 0 _aFondo de Cultura Económica
_942096
830 3 _aLa ciencia desde México
_v; 122
_964199
901 _aBK
905 _aAlejandra Carrasco M.
942 _cLIBRO
949 _a080 C5 v.122
_bBC
_cC
_d33724000594420
_eC
_gI.c/e
_h93035
_i85955
_sb
_t$33.00
999 _c75400
_d75400